Accounting for business management

Na minha lista:
Detalhes bibliográficos
Autor principal: Fleming, A.I.M.
Formato: Livro
Idioma:Undetermined
Publicado em: New York HarperCollins Academic 1991
Assuntos:
Tags: Adicionar Tag
Sem tags, seja o primeiro a adicionar uma tag!
Thư viện lưu trữ: Trung tâm Học liệu Trường Đại học Cần Thơ
LEADER 00476nam a2200181Ia 4500
001 CTU_98740
008 210402s9999 xx 000 0 und d
082 |a 657 
082 |b F597 
100 |a Fleming, A.I.M. 
245 0 |a Accounting for business management 
245 0 |c A.I.M.Fleming 
260 |a New York 
260 |b HarperCollins Academic 
260 |c 1991 
650 |a Accounting 
904 |i Tuyến 
980 |a Trung tâm Học liệu Trường Đại học Cần Thơ